Every 1m+ City in the World on a Map [2025] (by urban area) - Statistics

General Stats
  • This quiz has been taken 145 times
  • The average score is 288 of 635
Answers on the Map
Answers color-coded by a green-red scale on the quiz's map according to % correct below.
 
Answer Stats
Country Region (if applicable) Population City % Correct
United States New York 20,113,692 New York
86%
United States Massachusetts 2,963,665 Boston
83%
Canada Québec 3,964,120 Montréal
83%
Canada Ontario 5,824,965 Toronto
83%
United Kingdom England 10,882,700 London
82%
Spain 4,919,397 Madrid
82%
Russia Tsentral'nyj 17,040,370 Moskva
82%
France Île-de-France 10,722,846 Paris
82%
Yemen 4,413,736 Ṣan'ā'
82%
Japan Kantō 35,462,375 Tōkyō
82%
Canada British Columbia 2,594,393 Vancouver
82%
Egypt Al-Qāhira al-Kubrā 20,262,781 Al-Qāhirah
80%
Spain 3,975,735 Barcelona
80%
United States Illinois 8,860,334 Chicago
80%
Mexico Ciudad de México 19,818,468 Ciudad de México
80%
United States California 13,640,600 Los Angeles
80%
United States Florida 6,455,010 Miami
80%
United States District of Columbia 5,767,650 Washington
80%
United States Georgia 5,712,132 Atlanta
79%
Germany Berlin 3,977,635 Berlin
79%
United States Texas 6,766,579 Dallas - Fort Worth
79%
India Delhi 35,373,074 Delhi
79%
United States Colorado 3,043,467 Denver
79%
United States Michigan 3,897,605 Detroit
79%
United States Texas 6,976,139 Houston
79%
United States Nevada 2,549,574 Las Vegas
79%
Portugal 2,486,118 Lisboa
79%
Canada Ontario 1,208,894 Ottawa
79%
United States Pennsylvania 5,996,301 Philadelphia
79%
United States Oregon 2,383,080 Portland
79%
Russia Severo-Zapadnyj 5,975,195 Sankt-Peterburg
79%
Brazil São Paulo 20,591,015 São Paulo
79%
United States Washington 4,037,248 Seattle
79%
Egypt Al-Iskandariyah 6,113,997 Al-Iskandariyah
77%
United States Texas 2,181,313 Austin
77%
Canada Alberta 1,497,077 Calgary
77%
Ireland 1,451,775 Dublin
77%
Canada Alberta 1,330,512 Edmonton
77%
United States Florida 1,344,234 Jacksonville
77%
France Auvergne-Rhône-Alpes 1,815,597 Lyon
77%
Norway 1,200,346 Oslo
77%
Brazil Rio de Janeiro 10,571,444 Rio de Janeiro
77%
Italy 3,064,892 Roma
77%
United States Texas 2,368,853 San Antonio
77%
Sweden 2,076,764 Stockholm
77%
UAE 6,201,030 Dubayy
76%
United Kingdom Scotland 1,045,823 Glasgow
76%
Finland 1,437,970 Helsinki
76%
Thailand Krung Thep Maha Nakhon Lae Parimonthon 20,119,776 Krung Thep
76%
Ukraine 3,129,717 Kyïv
76%
United Kingdom England 2,797,288 Manchester
76%
Italy 3,839,859 Milano
76%
United States Minnesota 3,222,569 Minneapolis - St. Paul
76%
Belarus 2,076,293 Minsk
76%
Japan Kansai 12,880,695 Ōsaka
76%
United States Arizona 4,609,515 Phoenix
76%
Portugal 1,167,566 Porto
76%
United States California 3,270,587 San Diego
76%
United States California 3,269,385 San Francisco
76%
United States California 2,748,068 San Jose
76%
Costa Rica 2,243,591 San José
76%
Australia New South Wales 5,221,050 Sydney
76%
United States Florida 3,024,418 Tampa
76%
Iran Tehrān 10,465,347 Tehrān
76%
Spain 1,822,843 València
76%
Venezuela Central 1,822,401 Valencia
76%
Poland 2,346,297 Warszawa
76%
Netherlands 1,182,207 Amsterdam
74%
Saudi Arabia 8,154,627 Ar-Riyāḍ
74%
Serbia 1,417,307 Beograd
74%
United Kingdom England 2,654,275 Birmingham
74%
Bangladesh Dhaka 19,415,975 Dhaka
74%
Algeria 4,094,451 El Djazaïr
74%
Turkey 15,334,763 İstanbul
74%
United States Missouri 1,885,992 Kansas City
74%
Denmark 1,554,292 København
74%
Philippines Luzon 26,783,724 Manila
74%
Colombia 2,795,406 Medellín
74%
Australia Victoria 5,468,435 Melbourne
74%
India Mahārāshtra 23,856,308 Mumbai
74%
Italy 3,507,850 Napoli
74%
China Shànghăi 22,354,511 Shànghăi
74%
Austria 2,186,677 Wien
74%
Ghana 5,890,525 Accra
73%
Greece 3,410,353 Athínai
73%
New Zealand 1,605,047 Auckland
73%
Iraq 7,956,148 Baghdād
73%
China Bĕijīng 19,570,959 Bĕijīng
73%
Colombia 9,609,902 Bogotá
73%
Australia Queensland 2,707,397 Brisbane
73%
Argentina 16,560,966 Buenos Aires
73%
Germany Hamburg 1,014,981 Hamburg
73%
Indonesia Jakarta 35,022,080 Jakarta
73%
Germany Nordrhein-Westfalen 1,355,472 Köln
73%
Cuba 2,171,833 La Habana
73%
United Kingdom England 1,901,990 Leeds
73%
Peru 11,670,089 Lima
73%
France Provence-Alpes-Côte d'Azur 1,170,893 Marseilles
73%
Germany Bayern 1,914,962 München
73%
Australia Western Australia 2,260,306 Perth
73%
Czechia 1,529,297 Praha
73%
United States California 2,189,833 Sacramento
73%
Chile 7,102,137 Santiago
73%
South Korea 16,953,148 Seoul
73%
Bulgaria 1,289,039 Sofija
73%
Switzerland 1,187,063 Zürich
73%
Australia South Australia 1,469,062 Adelaide
71%
Kuwait 4,770,899 Al-Kuwayt - Ḥawallī - Al-Farwānīyah - Al-Finṭās
71%
Turkey 5,019,901 Ankara
71%
Belgium 1,253,877 Antwerpen
71%
Kazakhstan 1,454,042 Astana
71%
Belgium 2,044,619 Brussels
71%
Romania 2,048,657 București
71%
Hungary 2,243,057 Budapest
71%
Venezuela Capital 3,212,081 Caracas
71%
Syria 4,131,024 Dimashq
71%
South Africa Gauteng 10,975,610 Johannesburg
71%
Nigeria Lagos 14,211,850 Lagos
71%
United Kingdom England 1,238,431 Liverpool
71%
United States Pennsylvania 1,830,218 Pittsburgh
71%
Ecuador 2,583,898 Quito
71%
Pakistan Punjāb 5,000,171 Rāwalpindi - Islāmābād
71%
United States Utah 1,310,914 Salt Lake City
71%
Libya 1,694,306 Ṭarābulus
71%
Israel 2,639,658 Tel Aviv-Yafo
71%
Tunisia 2,439,088 Tūnis
71%
Sudan 6,668,919 Umm Durmān - Al-Kharṭūm
71%
UAE 1,533,429 Abū Ẓaby
70%
Qatar 2,528,402 Ad-Dawḥah - Ar-Rayyān
70%
Ethiopia Adis Abeba 5,169,439 Adis Abeba
70%
Jordan 8,235,571 Ammān
70%
Azerbaijan 1,999,700 Bakı
70%
Brazil Distrito Federal 3,197,097 Brasilia
70%
South Africa Western Cape 4,932,042 Cape Town
70%
Morocco 4,200,189 Casablanca
70%
United States North Carolina 1,719,685 Charlotte
70%
China Hong Kong 3,918,881 Hong Kong
70%
United States Indiana 1,924,396 Indianapolis
70%
Malaysia 8,913,469 Kuala Lumpur
70%
United States Wisconsin 1,465,557 Milwaukee
70%
Somalia 3,588,111 Muqdisho
70%
United States Florida 2,319,167 Orlando
70%
Morocco 1,731,443 Rabat
70%
Netherlands 1,052,447 Rotterdam
70%
Singapore 6,140,503 Singapore
70%
United States Missouri 2,283,833 St. Louis
70%
Israel 1,052,840 Yerushalayim
70%
Lebanon 2,322,184 Bayrūt
68%
Brazil Minas Gerais 4,643,547 Belo Horizonte
68%
France Nouvelle-Aquitaine 1,080,542 Bordeaux
68%
Panama 1,305,514 Ciudad de Panamá
68%
United States Ohio 1,860,199 Columbus
68%
Senegal 3,842,731 Dakar
68%
Afghanistan 5,763,851 Kābul
68%
DR Congo Kinshasa 15,560,838 Kinshasa
68%
Mexico Nuevo León 4,383,058 Monterrey
68%
Uruguay 1,538,661 Montevideo
68%
Bolivia 2,010,755 Nuestra Señora de La Paz
68%
Haiti 2,783,126 Port-au-Prince
68%
Dominican Republic 3,676,437 Santo Domingo
68%
Mexico Baja California 1,875,648 Tijuana
68%
Guatemala 2,662,452 Ciudad de Guatemala
67%
United States Ohio 1,768,690 Cleveland
67%
Mexico Nuevo León 4,489,855 Guadalajara
67%
China Guăngdōng 33,611,614 Guăngzhōu
67%
Pakistan Punjāb 15,105,691 Lāhore
67%
China Ānhuī 1,206,739 Lù'ān
67%
Angola 11,152,829 Luanda
67%
Kenya Nairobi 6,893,247 Nairobi
67%
United States Oklahoma 1,140,604 Oklahoma City
67%
North Korea 3,210,603 P'yŏngyang
67%
El Salvador 1,724,430 San Salvador
67%
Uzbekistan 3,436,966 Toshkent
67%
United States Maryland 2,216,237 Baltimore
65%
Kyrgyzstan 1,265,725 Bishkek
65%
South Korea 3,062,882 Busan
65%
China Chóngqìng 10,654,768 Chóngqìng
65%
Vietnam Đồng bằng sông Hồng 5,659,099 Hà Nội
65%
Turkey 2,934,850 İzmir
65%
Uganda 4,693,310 Kampala
65%
Pakistan Sindh 21,086,432 Karāchi
65%
Ukraine 1,502,983 Kharkiv
65%
India West Bengal 16,074,138 Kolkata
65%
Saudi Arabia 2,638,912 Makkah
65%
France Provence-Alpes-Côte d'Azur 1,027,329 Nice
65%
Colombia 3,519,693 Santiago de Cali
65%
Taiwan ROC 7,207,350 Táiběi
65%
Vietnam Đông Nam Bộ 14,329,816 Thành Phố Hồ Chí Minh
65%
Italy 1,332,277 Torino
65%
Madagascar 2,259,026 Antananarivo
64%
Paraguay 1,958,866 Asunción
64%
Argentina 1,749,650 Córdoba
64%
Tanzania Eastern 6,553,889 Dar es Salaam
64%
Russia Privolga 1,384,416 Kazan'
64%
Oman 1,495,183 Masqaṭ - As-Sīb
64%
United States Tennessee 1,143,721 Memphis
64%
United States Tennessee 1,273,556 Nashville
64%
Ukraine 1,082,880 Odesa
64%
United States North Carolina 1,489,503 Raleigh
64%
United States Puerto Rico 1,033,758 San Juan
64%
Germany Baden-Württemberg 1,111,645 Stuttgart
64%
France Occitanie 1,208,657 Toulouse
64%
United States Virginia 1,565,200 Virginia Beach
64%
China Shănxī 10,691,307 Xī'ān
64%
India Gujarāt 9,416,377 Ahmadābād
62%
Bahrain 1,619,282 Al-Manamah
62%
China Sìchuān 15,570,559 Chéngdū
62%
United States Ohio 1,819,588 Cincinnati
62%
Germany Nordrhein-Westfalen 1,020,289 Dusseldorf
62%
Morocco 1,412,011 Fès
62%
Sierra Leone 1,763,201 Freetown
62%
India Telangana 11,011,599 Hyderābād
62%
Pakistan Sindh 2,358,269 Hyderābād
62%
Saudi Arabia 4,371,220 Jiddah
62%
United States Kentucky 1,134,431 Louisville
62%
Nicaragua 1,182,294 Managua
62%
Cambodia 2,720,665 Phnum Pénh
62%
United States Virginia 1,155,656 Richmond
62%
Mongolia 1,793,316 Ulaanbataar
62%
China Húbĕi 11,398,743 Wŭhàn
62%
Armenia 1,133,773 Yerevan
62%
Nigeria Federal Capital Territory 2,538,917 Abuja
61%
Saudi Arabia 1,603,160 Al-Madīnah
61%
Mali 5,078,830 Bamako
61%
India Karnātaka 15,874,914 Bengaluru
61%
R Congo 2,548,882 Brazzaville
61%
India Tamil Nādu 12,579,542 Chennai
61%
Sri Lanka 3,836,900 Colombo
61%
South Africa KwaZulu-Natal 3,441,064 Durban
61%
Palestinian Territories Gaza Strip 1,179,521 Ghazzah
61%
Zimbabwe 1,851,533 Harare
61%
Nigeria Kano 5,300,509 Kano
61%
Brazil Amazonas 2,461,218 Manaus
61%
Brazil Bahia 3,317,786 Salvador
61%
Georgia 1,156,031 Tbilisi
61%
Myanmar 6,332,608 Yangon
61%
Kazakhstan 2,352,207 Almaty
59%
Bangladesh Chittagong 4,855,035 Chittagong
59%
Ukraine 1,335,083 Donets'k
59%
Tajikistan 1,360,428 Dushanbe
59%
Ecuador 3,351,573 Guayaquil
59%
United States Connecticut 1,033,812 Hartford
59%
Japan Chūgoku 1,458,038 Hiroshima
59%
Rwanda 1,623,186 Kigali
59%
Zambia 3,142,441 Lusaka
59%
Morocco 1,162,879 Marrakech
59%
Niger Niamey 1,424,977 Niamey
59%
Russia Juzhnyj 1,222,682 Rostov-na-Donu
59%
Germany Nordrhein-Westfalen 3,541,417 Ruhrgebeit
59%
Cameroon 5,364,266 Yaoundé
59%
Guinea 2,894,288 Conakry
58%
France Hauts-de-France 1,119,351 Lille
58%
Mozambique Maputo Cidade 2,820,991 Maputo
58%
Liberia 2,195,458 Monrovia
58%
Japan Chūbu 8,794,746 Nagoya
58%
China Jiāngsū 8,014,586 Nánjīng
58%
Russia Privolga 1,291,378 Nizhnij Novgorod
58%
South Africa Gauteng 2,618,557 Pretoria
58%
United States Rhode Island 1,405,593 Providence
58%
Mexico Puebla 2,485,501 Puebla
58%
India Mahārāshtra 7,616,980 Pune
58%
Brazil Pernambuco 3,450,721 Recife
58%
Japan Hokkaidō 2,214,701 Sapporo
58%
Russia Juzhnyj 1,384,098 Volgograd
58%
China Xīnjiāng 4,139,379 Wūlŭmùqí
58%
Turkmenistan 1,107,662 Aşgabat
56%
Mexico Chihuahua 1,474,633 Ciudad Juárez
56%
Syria 3,254,936 Ḥalab
56%
India Rājasthān 4,556,015 Jaipur
56%
Nepal 3,216,810 Kathmandu
56%
Chad 1,963,810 Ndjamena
56%
Russia Siberiya 1,136,445 Omsk
56%
Burkina Faso 3,401,273 Ouagadougou
56%
Bolivia 2,141,335 Santa Cruz de la Sierra
56%
China Guăngdōng 30,160,573 Shēnzhèn
56%
Indonesia Jawa Timur 5,929,379 Surabaya
56%
Morocco 1,391,859 Tanger
56%
Honduras 1,373,190 Tegucigalpa
56%
Côte d'Ivoire 6,297,146 Abidjan
55%
China Hēilóngjiāng 5,418,284 Hā'ĕrbīn
55%
Russia Ural 1,614,108 Jekaterinburg
55%
Gabon 1,096,509 Libreville
55%
Togo 2,781,703 Lomé
55%
Russia Siberiya 1,778,154 Novosibirsk
55%
Brazil Rio Grande do Sul 2,323,324 Porto Alegre
55%
China Tiānjīn 11,408,526 Tiānjīn
55%
Russia Privolga 1,178,999 Ufa
55%
China Fújiàn 6,792,981 Xiàmén
55%
China Zhèjiāng 10,353,243 Hángzhōu
53%
Japan Kansai 1,970,086 Kyōto
53%
Kenya Coast 1,502,795 Mombasa
53%
Mauritania 1,569,446 Nouakchott
53%
Russia Privolga 1,219,454 Samara
53%
Spain 1,153,194 Sevilla
53%
Yemen 1,203,785 Adan
52%
China Húnán 7,717,063 Chángshā
52%
Brazil Ceará 3,514,824 Fortaleza
52%
South Africa Eastern Cape 1,197,126 Gqeberha
52%
Poland 1,432,551 Katowice
52%
Malawi 1,294,132 Lilongwe
52%
India Uttar Pradesh 4,864,087 Lucknow
52%
Mexico Yucatán 1,119,178 Mérida
52%
Algeria 1,174,916 Oran
52%
China Shāndōng 6,649,564 Qīngdăo
52%
India Gujarāt 8,468,515 Sūrat
52%
Turkey 1,483,426 Antalya
50%
Colombia 2,178,160 Barranquilla - Soledad
50%
Philippines Visayas 3,119,704 Cebu
50%
Brazil Paraná 2,692,837 Curitiba
50%
Nigeria Rivers 2,071,947 Port Harcourt
50%
India Uttar Pradesh 2,797,655 Āgra
48%
Iraq 1,693,719 Al-Mawṣil
48%
CAR 1,505,001 Bangui
48%
Brazil Pará 2,267,915 Belem
48%
Cameroon 4,682,402 Douala
48%
Japan Kyūshū & Okinawa 2,574,620 Fukuoka
48%
China Fújiàn 4,584,088 Fúzhōu
48%
China Yúnnán 5,890,955 Kūnmíng
48%
Venezuela Zulia 2,312,067 Maracaibo
48%
China Guăngxī 5,249,860 Nánníng
48%
United States California 2,471,048 Riverside - San Bernardino
48%
China Hénán 7,972,650 Zhèngzhōu
48%
Iraq 1,923,678 Al-Baṣrah
47%
Indonesia Jawa Barat 8,857,127 Bandung
47%
China Liáoníng 5,205,300 Dàlián
47%
Mexico Guanajuato 1,628,318 León
47%
Iran Tehrān 1,261,550 Qom
47%
Argentina 1,520,374 Rosario
47%
China Liáoníng 7,397,712 Shĕnyáng
47%
Russia Tsentral'nyj 1,106,005 Voronezh
47%
Iran Eṣfahān 2,453,124 Eṣfahān
45%
Pakistan Punjāb 4,661,943 Faisalābād
45%
Russia Juzhnyj 1,250,426 Krasnodar
45%
Iran Mashhad 3,999,351 Mashhad
45%
Brazil São Paulo 2,342,930 Campinas
44%
Vietnam Duyên hải Nam Trung Bộ 1,271,771 Đà Nẵng
44%
Nigeria Oyo 2,524,893 Ibadan
44%
China Shāndōng 6,111,740 Jìnán
44%
Russia Siberiya 1,204,878 Krasnojarsk
44%
Ghana 4,951,046 Kumasi
44%
Japan Kyūshū & Okinawa 1,241,046 Naha
44%
Japan Tōhoku 1,474,198 Sendai
44%
Iran Eṣfahān 1,386,405 Shīrāz
44%
Turkey 1,366,470 Adana
42%
Saudi Arabia 2,928,732 Ad-Dammām
42%
Iraq 1,409,554 Arbīl
42%
Turkey 2,287,676 Bursa
42%
Russia Ural 1,243,753 Cheljabinsk
42%
Benin 1,861,204 Cotonou
42%
Philippines Mindanao 1,697,184 Davao
42%
Taiwan ROC 2,102,064 Gāoxióng
42%
DR Congo Haut-Katanga 2,952,428 Lubumbashi
42%
Myanmar 1,969,641 Mandalay
42%
China Zhèjiāng 4,090,505 Níngbō
42%
Russia Privolga 1,139,336 Saratov
42%
Burundi 1,181,514 Bujumbura
41%
South Korea 2,382,242 Daegu
41%
Indonesia Bali 2,637,921 Denpasar
41%
Brazil Goiás 2,485,793 Goiânia
41%
India Madhya Pradesh 3,877,984 Indore
41%
Indonesia Sulawesi Selatan 2,314,989 Makassar
41%
Indonesia Sumatera Utara 4,416,446 Medan
41%
India Mahārāshtra 3,388,653 Nāgpur
41%
Brazil Maranhão 1,196,568 São Luís
41%
Iran Tabrīz 1,697,215 Tabrīz
41%
Chile 1,026,896 Valparaíso
41%
Mexico Aguascalientes 1,014,544 Aguascalientes
39%
Nigeria Edo 1,912,108 Benin City
39%
China Hăinán 2,620,495 Hăikŏu
39%
Somalia 1,437,668 Hargeysa
39%
China Ānhuī 7,154,178 Héféi
39%
China Gānsù 3,176,053 Lánzhōu
39%
China Hébĕi 6,071,734 Shíjiāzhuāng
39%
Morocco 1,233,005 Agadir
38%
Peru 1,153,175 Arequipa
38%
India Madhya Pradesh 2,754,720 Bhopāl
38%
Bolivia 1,499,361 Cochabamba
38%
Turkey 1,807,920 Gaziantep
38%
Turkey 1,380,719 Konya
38%
DR Congo Kasaï-Oriental 3,463,393 Mbuji-Mayi
38%
Argentina 1,257,683 Mendoza
38%
R Congo 1,224,310 Pointe-Noire
38%
China Guăngdōng 5,142,234 Shàntóu
38%
China Jiāngsū 10,789,421 Sūzhōu - Wúxī
38%
Taiwan ROC 2,594,129 Táizhōng
38%
Mexico México 2,180,734 Toluca
38%
South Korea 1,528,053 Gwangju
36%
Nigeria Kaduna 1,408,020 Kaduna
36%
India Uttar Pradesh 3,709,314 Kānpur
36%
India Bihār 3,083,831 Patna
36%
Mexico San Luis Potosí 1,201,385 San Luis Potosí
36%
China Shānxī 4,651,342 Tàiyuán
36%
India Uttar Pradesh 3,061,049 Vārānasi
36%
South Korea 1,548,729 Daejeon
35%
India Kerala 1,309,559 Kochi
35%
Pakistan Khyber Pakhtūnkhwā 1,962,617 Peshāwar
35%
Argentina 1,099,472 San Miguel de Tucumán
35%
Brazil São Paulo 1,162,176 Santos - São Vicente - Guarujá
35%
China Zhèjiāng 2,556,460 Wēnzhōu
35%
Indonesia Sumatera Selatan 2,027,920 Palembang
33%
Pakistan Balochistān 1,530,835 Quetta
33%
Kazakhstan 1,348,827 Shymkent
33%
Mexico Coahuila de Zaragoza 1,308,462 Torreón
33%
Brazil Espírito Santo 2,017,004 Vitoria - Serra - Vila Velha
33%
China Jílín 4,947,351 Chángchūn
32%
India Tamil Nādu 3,275,153 Coimbatore
32%
Brazil Santa Catarina 1,021,361 Florianopolis
32%
China Guìzhōu 4,519,620 Guìyáng
32%
DR Congo Tshopo 1,136,250 Kisangani
32%
Pakistan Punjāb 2,620,864 Multān
32%
Mexico Querétaro de Arteaga 1,154,047 Querétaro
32%
Peru 1,109,216 Trujillo
32%
Indonesia Yogyakarta 1,820,818 Yogyakarta
32%
India Punjab 1,496,639 Amritsar
30%
Colombia 1,035,094 Bucaramanga
30%
India Chandīgarh 2,553,511 Chandīgarh
30%
China Nèi Mĕnggŭ 2,663,177 Hūhéhàotè
30%
China Jílín 1,519,350 Jílín
30%
Turkey 1,157,064 Kayseri
30%
Venezuela Central 1,128,493 Maracay
30%
Turkey 1,036,703 Mersin
30%
Japan Chūgoku 1,267,833 Okayama
30%
India Gujarāt 1,930,140 Rājkot
30%
Indonesia Jawa Tengah 3,334,565 Semarang
30%
China Jiāngsū 3,029,527 Xúzhōu
30%
China Shāndōng 2,888,138 Zībó
30%
Philippines Luzon 1,789,349 Angeles
29%
Venezuela Centro-Occidental 1,131,824 Barquisimeto
29%
Burkina Faso 1,214,751 Bobo-Dioulasso
29%
Angola 1,004,640 Cabinda
29%
Pakistan Punjāb 3,057,283 Gujrānwāla
29%
Brazil Paraíba 1,184,483 Joao Pessoa
29%
India Rājasthān 1,678,214 Jodhpur
29%
Malaysia 1,803,080 Johor Bahru
29%
Iraq 1,230,743 Kirkūk
29%
China Jiāngxī 4,873,481 Nánchāng
29%
Nigeria Plateau 1,181,057 Jos
27%
DR Congo Kasaï-Central 1,670,721 Kananga
27%
Japan Kyūshū & Okinawa 1,212,337 Kitakyūshū
27%
China Hénán 2,447,514 Luòyáng
27%
Brazil Alagoas 1,116,174 Maceió
27%
Taiwan ROC 1,136,079 Táinán
27%
Brazil Piauí 1,038,482 Teresina
27%
Senegal 1,257,388 Touba
27%
China Shāndōng 2,461,891 Yāntái
27%
Iran Kermānshāh 1,622,185 Ahvāz
26%
India Uttar Pradesh 2,023,287 Allahābād
26%
Indonesia Lampung 1,331,063 Bandar Lampung
26%
China Nèi Mĕnggŭ 2,165,836 Bāotóu
26%
Nigeria Kwara 1,379,951 Ilorin
26%
India Tamil Nādu 2,100,514 Madurai
26%
Nigeria Bornu 1,316,001 Maiduguri
26%
Tanzania Lake 1,191,173 Mwanza
26%
India Jammu & Kashmīr 1,688,464 Srīnagar
26%
Yemen 1,434,531 Ta'izz
26%
India Gujarāt 2,494,009 Vadodara
26%
Indonesia Kepulauan Riau 1,729,104 Batam
24%
DR Congo Sud-Kivu 1,047,022 Bukavu
24%
Turkey 1,036,247 Diyarbakır
24%
Bangladesh Khulna 1,160,475 Khulna
24%
India Punjab 2,282,619 Ludhiāna
24%
Nigeria Anambra 1,057,011 Onitsha
24%
India Tamil Nādu 1,417,360 Salem
24%
India Andhra Pradesh 2,206,380 Visākhapatnam
24%
China Liáoníng 1,590,995 Ānshān
23%
China Hénán 1,270,222 Ānyáng
23%
India Chhattīsgarh 1,375,339 Bhilai
23%
Vietnam Đồng bằng sông Hồng 1,036,963 Hải Phòng
23%
Jordan 1,116,083 Irbid
23%
China Shāndōng 3,179,147 Línyí
23%
Sudan 1,037,177 Nyālā
23%
China Zhèjiāng 1,570,438 Táizhōu
23%
China Jiāngsū 1,434,085 Tàizhōu
23%
China Hébĕi 2,667,877 Tángshān
23%
South Korea 1,011,872 Ulsan
23%
China Shāndōng 2,241,948 Wéifāng
23%
China Qīnghăi 1,813,402 Xīníng
23%
Iraq 1,202,131 An-Najaf
21%
India Uttar Pradesh 1,587,924 Bareilly
21%
China Jiāngsū 3,474,404 Chángzhōu
21%
China Shānxī 1,922,392 Dàtóng
21%
India Karnātaka 1,391,233 Mysore
21%
India Mahārāshtra 2,302,285 Nāshik
21%
India Puducherry 1,099,696 Puducherry
21%
China Hēilóngjiāng 1,028,611 Qíqíhā'ĕr
21%
Nigeria Delta 1,288,577 Warri
21%
China Níngxià 2,091,926 Yínchuān
21%
China Hébĕi 2,106,363 Băodìng
20%
India Odisha 1,328,274 Bhubaneswar
20%
India Assam 1,408,543 Guwāhāti
20%
India Madhya Pradesh 1,560,361 Gwalior
20%
India Madhya Pradesh 1,662,210 Jabalpur
20%
India Jhārkhand 1,908,312 Jamshedpur
20%
China Hénán 1,283,257 Kāifēng
20%
Iran Kermānshāh 1,028,949 Kermānshāh
20%
India Rājasthān 1,486,654 Kotā
20%
Indonesia Jawa Timur 1,290,200 Malang
20%
India Uttar Pradesh 2,166,221 Meerut
20%
China Jiāngsū 3,276,135 Nántōng
20%
Indonesia Riau 1,513,024 Pekanbaru
20%
India Chhattīsgarh 2,056,389 Raipur
20%
India Jhārkhand 1,804,556 Rānchi
20%
China Jiāngsū 2,209,466 Yángzhōu
20%
Nigeria Kaduna 1,004,821 Zaria
20%
China Guăngdōng 2,486,747 Zhūhăi
20%
India Mahārāshtra 1,791,608 Aurangābād
18%
Indonesia Jawa Barat 1,041,745 Cirebon
18%
China Hēilóngjiāng 1,649,682 Dàqìng
18%
Iran Tehrān 2,862,429 Karaj
18%
Angola 1,062,160 Lubango
18%
India Karnātaka 1,057,785 Mangalore
18%
China Hénán 1,574,189 Nányáng
18%
Pakistan Punjāb 1,406,011 Siālkot
18%
Taiwan ROC 1,654,457 Táoyuán
18%
India Andhra Pradesh 1,930,500 Vijayawāda
18%
China Shāndōng 1,437,843 Wēihăi
18%
China Hébĕi 1,382,291 Zhāngjiākŏu
18%
India West Bengal 2,399,563 Āsansol
17%
China Guăngxī 1,484,029 Guìlín
17%
China Hébĕi 2,262,436 Hándān
17%
China Guăngdōng 3,263,830 Huìzhōu
17%
China Hébĕi 1,652,570 Qínhuángdăo
17%
China Fújiàn 3,668,874 Quánzhōu
17%
Ghana 1,261,517 Takoradi - Sekondi
17%
India Uttar Pradesh 1,591,093 Alīgarh
15%
Vietnam Đồng bằng sông Cửu Long 1,125,394 Cần Thơ
15%
India Jhārkhand 1,835,368 Dhanbād
15%
China Jiāngxī 2,035,281 Gànzhōu
15%
China Jiāngsū 1,882,599 Huái'ān
15%
China Zhèjiāng 1,189,103 Húzhōu
15%
Turkey 1,022,087 İzmit
15%
China Liáoníng 1,041,243 Jĭnzhōu
15%
China Guăngxī 2,379,781 Liŭzhōu
15%
China Sìchuān 1,253,071 Lúzhōu
15%
China Sìchuān 1,366,697 Nánchōng
15%
Brazil São Paulo 1,018,057 São José dos Campos
15%
China Shāndōng 1,501,096 Tài'ān
15%
China Hénán 1,379,150 Xīnxiāng
15%
China Húnán 1,175,475 Chángdé
14%
China Sìchuān 1,291,866 Dázhōu
14%
India Uttarākhand 1,146,087 Dehra Dūn
14%
China Ānhuī 1,324,837 Fùyáng
14%
Malaysia 1,079,467 Kota Kinabalu
14%
China Hénán 1,113,965 Píngdĭngshān
14%
China Hénán 1,402,796 Púyáng
14%
China Guăngdōng 1,280,423 Qīngyuăn
14%
India Tamil Nādu 1,395,996 Tiruchirāppalli
14%
India Tamil Nādu 1,733,255 Tiruppūr
14%
DR Congo Kasaï 1,077,830 Tshikapa
14%
China Chóngqìng 1,140,950 Wànzhōu
14%
China Ānhuī 1,751,393 Wúhú
14%
China Jiāngsū 1,171,865 Zhènjiāng
14%
China Shănxī 1,175,999 Băojī
12%
China Nèi Mĕnggŭ 1,146,761 Chìfēng
12%
China Zhèjiāng 1,578,316 Cíxī
12%
China Ānhuī 1,303,067 Huáibĕi
12%
China Ānhuī 1,259,939 Huáinán
12%
India Manipur 1,002,193 Imphāl
12%
China Zhèjiāng 1,327,660 Jiāxīng
12%
The Gambia 1,009,096 Kanifing
12%
China Hébĕi 1,007,747 Lángfāng
12%
China Jiāngsū 1,119,440 Liányúngăng
12%
China Sìchuān 1,702,464 Miányáng
12%
India Uttar Pradesh 1,567,630 Morādābād
12%
Indonesia Sumatera Barat 1,242,268 Padang
12%
China Fújiàn 1,671,587 Pútián
12%
China Shāndōng 1,218,155 Rìzhào
12%
Brazil Rio de Janeiro 1,966,289 Sao Goncalo
12%
China Jiāngxī 1,489,200 Shàngráo
12%
China Zhèjiāng 2,515,759 Shàoxīng
12%
Japan Kantō 1,725,517 Takasaki - Maebashi
12%
China Húbĕi 1,756,450 Xiāngyáng
12%
China Hébĕi 1,609,535 Xíngtái
12%
China Jiāngsū 1,413,804 Yánchéng
12%
China Shāndōng 1,462,059 Zăozhuāng
12%
China Guăngdōng 1,509,405 Zhànjiāng
12%
Indonesia Kalimantan Selatan 1,068,061 Banjarmasin
11%
China Ānhuī 1,163,289 Bèngbù
11%
China Shānxī 1,104,191 Chángzhì
11%
China Shāndōng 1,014,968 Dōngyíng
11%
China Húnán 1,219,818 Héngyáng
11%
India Punjab 1,253,464 Jalandhar
11%
China Jiāngsū 1,425,253 Jiāngyīn
11%
China Zhèjiāng 1,145,198 Jīnhuá
11%
China Shāndōng 1,808,511 Jìníng
11%
China Jiāngxī 1,033,790 Jiŭjiāng
11%
India Mahārāshtra 2,213,824 Kalyan - Dombivli - Ulhasnagar
11%
Indonesia Jawa Barat 1,101,339 Karawang
11%
China Shāndōng 1,162,239 Liáochéng
11%
China Ānhuī 1,122,088 Mă'ānshān
11%
China Guăngdōng 1,387,177 Màomíng
11%
China Liáoníng 1,119,033 Pánjĭn
11%
Indonesia Kalimantan Timur 1,334,156 Samarinda
11%
India Mahārāshtra 1,130,537 Solāpur
11%
China Húbĕi 1,350,840 Yíchāng
11%
China Zhèjiāng 1,687,910 Yìwū
11%
China Shāndōng 1,494,978 Hézé
9%
India Karnātaka 1,103,491 Hubli
9%
India Kerala 1,003,652 Kannur
9%
China Yúnnán 1,082,271 Qŭjìng
9%
India Uttar Pradesh 1,344,398 Sahāranpur
9%
China Hénán 1,171,641 Shāngqiū
9%
India Telangana 1,011,510 Warangal
9%
China Hénán 1,145,450 Xìnyáng
9%
China Húnán 1,182,299 Yuèyáng
9%
China Guìzhōu 1,908,131 Zūnyì
9%
China Jiāngsū 1,320,162 Chángshú
8%
Iran Tehrān 1,175,527 Eslāmshahr
8%
China Liáoníng 1,207,385 Fŭshùn
8%
India Uttar Pradesh 1,253,307 Gorakhpur
8%
China Guăngxī 1,002,031 Guìgăng
8%
Pakistan Punjāb 1,102,446 Sargodha
8%
China Húbĕi 1,023,336 Shíyàn
8%
South Africa Gauteng 1,237,020 Soshanguve
8%
China Jiāngsū 1,172,385 Sùqiān
8%
India Mahārāshtra 1,585,976 Vāsai-Virār
8%
China Húnán 1,389,186 Xiāngtán
8%
China Shănxī 1,348,228 Xiányáng
8%
China Sìchuān 1,228,931 Yíbīn
8%
China Guăngdōng 1,110,279 Zhàoqìng
8%
China Húnán 1,636,993 Zhūzhōu
8%
South Korea 1,467,875 Goyang
6%
China Guăngdōng 1,246,953 Jiēyáng
6%
China Jiāngsū 1,821,354 Kūnshān
6%
China Jiāngsū 1,062,994 Shùyáng
6%
Indonesia Jawa Barat 1,201,716 Tasikmalaya
6%
India Tamil Nādu 1,001,586 Erode
5%
India Bihār 1,066,734 Muzaffarpur
5%
China Zhèjiāng 1,035,268 Ruì'ān
5%
South Korea 1,004,261 Yongin
5%
China Zhèjiāng 1,123,276 Yúyáo
5%
China Jiāngsū 1,145,373 Zhāngjiāgăng
5%
China Fújiàn 1,001,165 Nán'ān
3%
China Hong Kong 1,184,855 Tuen Mun
3%
China Zhèjiāng 1,015,517 Yuèqīng
3%
No matching quizzes found
Score Distribution
Percent of People with Each Score
Percentile by Number Answered
Your Score History
You have not taken this quiz